000 00539nam a2200181Ia 4500
008 100920s9999 xx 000 0 und d
082 _b101130
_a891.461 0
100 _aशुक्ल ना.गो.
245 _aडुलुडुलु.
260 _bजगताप-कारले प्रकाशन, पुणे 2.
_c0
300 _a32
_bकापडी
365 _b1.12
520 _aपदय.
630 _aडुलुडुलु.
650 _aपदय.
730 _aडुलुडुलु.
942 _cBOOK
999 _c741567
_d741564